Research and design methods : a process approach

Bibliographic Details
Main Author: Bordens, Kenneth S
Format: Book
Edition:6th ed
Subjects:

MARC

LEADER 00000cam a2200000 7i4500
001 0000038189
005 20131030.0
008 131030
020 |a 0070615950 
090 0 0 |a 150.72   |b BOR 
100 1 |a Bordens, Kenneth S 
245 1 0 |a Research and design methods :   |b a process approach   |c Kenneth S. Bordens & Bruce B. Abbott 
250 |a 6th ed 
650 0 |a Psychology   |x Research 
650 0 |a Psychology   |x Research   |x Methodology 
999 |a 0001243080   |b Book   |c Adult Collection   |e Perbadanan Perpustakaan Awam Johor